Wen is a tax neutral? (Registro nro. 25820)

Detalles MARC
000 -LEADER
fixed length control field 00313 a2200109 4500
001 - CONTROL NUMBER
control field ART_11774
005 - DATE AND TIME OF LATEST TRANSACTION
control field 20260410161900.0
008 - FIXED-LENGTH DATA ELEMENTS--GENERAL INFORMATION
fixed length control field 260409a
100 1# - MAIN ENTRY--PERSONAL NAME
Personal name Lau, Lawrence J.
245 10 - TITLE STATEMENT
Title Wen is a tax neutral?
773 0# - HOST ITEM ENTRY
Title Journal of public economics
Related parts - Vol. 9, Nº 3 (jun. 1978)
Record control number REV11485

No hay ítems disponibles.